000 00310nam a2200145 a 4500
005 20260322212039.0
008 data
090 _aBD 444 G462t 1967
100 1 _aGlaser, Barney G.
245 1 0 _aTime for dying/
_cBarney G. Glaser.
260 _bAldine
_cp1967
300 _a269 p.
650 4 _aDealth.
001 data
999 _c909
_d909